000 005940000a22001810004500
003 MACL
005 20160609160742.0
008 160609b xxu||||| |||| 00| 0 eng d
040 _aMACL
_cMACL
041 _aHindi
082 _a800
100 _aसं शरण, गिरिराज
_963329
245 _aपारिवारिक जीवन के व्‍यंग्‍य
_cसं गिरिराज शरण
260 _aदिल्‍ली
_bप्रभात प्रकाशन
_c1996
350 _a100
650 _aLiteracture
_963596
942 _cHIN
_k800
_2ddc
999 _c47965
_d47965